Revista española de farmacología y terapéutica / (Record no. 1845)

MARC details
000 -LEADER
campo de control de longitud fija 00816nas a2200277 i 4500
001 - NÚMERO DE CONTROL
campo de control 1845
003 - IDENTIFICADOR DE NÚMERO DE CONTROL
campo de control ES-MaACL
005 - FECHA Y HORA DE LA ÚLTIMA TRANSACCIÓN
campo de control 20250217134409.0
007 - CAMPO FIJO DE DESCRIPCIÓN FÍSICA--INFORMACIÓN GENERAL
campo de control de longitud fija t|
008 - DATOS DE LONGITUD FIJA--INFORMACIÓN GENERAL
campo de control de longitud fija 950801d19401951sp | | 1 ||pa d
080 ## - NÚMERO DE LA CLASIFICACIÓN DECIMAL UNIVERSAL
Número de la Clasificación Decimal Universal 615
245 00 - MENCIÓN DEL TÍTULO
Título Revista española de farmacología y terapéutica /
Mención de responsabilidad, etc. dir. José Sánchez Rodríguez.
260 ## - PUBLICACIÓN, DISTRIBUCIÓN, ETC.
Lugar de publicación, distribución, etc. Madrid :
Nombre del editor, distribuidor, etc. Marsiega,
Fecha de publicación, distribución, etc. 1940-1951.
300 ## - DESCRIPCIÓN FÍSICA
Extensión 11 v. ;
Dimensiones 27 cm.
310 ## - PERIODICIDAD ACTUAL
Periodicidad actual Bimestral
321 ## - PERIODICIDAD ANTERIOR
Periodicidad anterior Mensual,
Fechas de la periodicidad anterior 1940-1947
321 ## - PERIODICIDAD ANTERIOR
Periodicidad anterior Trimestral,
Fechas de la periodicidad anterior 1948
362 0# - FECHAS DE PUBLICACIÓN Y/O DESIGNACIÓN SECUENCIAL
Fecha de publicación y/o designación secuencial V. I (ene. 1940)-(1951)
650 14 - PUNTO DE ACCESO ADICIONAL DE MATERIA--TÉRMINO DE MATERIA
Término de materia o nombre geográfico como elemento de entrada Farmacología.
9 (RLIN) 12725
700 1# - ENTRADA AGREGADA--NOMBRE PERSONAL
Nombre de persona Sánchez Rodríguez, José,
Término indicativo de función/relación
9 (RLIN) 102888
740 0# - ENTRADA AGREGADA--TÍTULO RELACIONADO/ANALÍTICO NO CONTROLADO
Título relacionado o analítico no controlado Farmacología y terapéutica.
785 00 - ENTRADA/ENLACE A UN TÍTULO POSTERIOR
Encabezamiento principal Farmacología y terapeútica
Lugar, editor y fecha de publicación 1942
852 ## - LOCALIZACIÓN
Ubicación ES-MaACL
Número de control de estantería Hem-25
866 #0 - MENCIÓN TEXTUAL DE FONDOS--UNIDAD BIBLIOGRÁFICA BÁSICA
Fondos 1940-1951
Holdings
Estatus retirado Estado de pérdida Estado de daño No para préstamo Colección Biblioteca de origen Biblioteca actual Ubicación en estantería Fecha de adquisición Fuente de adquisición Total de préstamos Signatura topográfica completa Código de barras Visto por última vez Precio de reemplazo Tipo de ítem Koha
        Periódicos y Revistas Biblioteca del Ateneo de Madrid Biblioteca del Ateneo de Madrid Depósito 1 17/01/2008     Hem-25 1001883 23/02/2023 23/02/2023 Revista